00498nam a2200157Ia 450000500170000000800410001708200130005810000190007124500370009026000370012730000110016450000450017594200060022095200990022699900150032520250323160443.0240331s9999 xx 000 0 und d bMATa894 aMathivannan, M 0aVelicchangali puthaitha kuzhigal aChennaibKaruppu Prathigalc2005 a72 p., aEssays on Literary & Political Critisism cL 001040708LaWERCLbWERCLcSSCd2024-03-31l0o 894.811 MATp1966r2024-03-31w2024-03-31yL c4103d4103